[Event "Novosibirsk-ch"]
[Site "Novosibirsk"]
[Date "2001.11.20"]
[Round "8"]
[White "Chigvintsev, Andrei"]
[Black "Bespalov, Alexey"]
[Result "1/2-1/2"]
[WhiteElo "2414"]
[BlackElo "2325"]
[PlyCount "161"]
[EventDate "2001.11.13"]
[EventType "swiss"]
[EventRounds "9"]
[EventCountry "RUS"]
[SourceTitle "CBM 085 Extra"]
[Source "ChessBase"]
[SourceDate "2002.01.21"]
[SourceVersion "1"]
[SourceVersionDate "2002.01.21"]
[SourceQuality "1"]

1. Nf3 g6 2. d4 Bg7 3. g3 c5 4. c3 b6 5. Bg2 Bb7 6. Qb3 cxd4 7. Ne5 d5 8. cxd4 Nf6 9. Nc3 0-0 10. 0-0 Nc6 11. Nxc6 Bxc6 12. Rd1 Qd7 13. a4 e6 14. Bf4 Ne4 15. Nb5 g5 16. Bxe4 gxf4 17. Bf3 fxg3 18. hxg3 Rac8 19. e3 Kh8 20. Kg2 f5 21. Rh1 Rf6 22. Rh4 Rh6 23. Rxh6 Bxh6 24. Rh1 Bg7 25. Nc3 Rg8 26. Rd1 Bf8 27. Nb5 Bd6 28. Nxd6 Qxd6 29. Rc1 Rc8 30. Be2 Kg7 31. Rc3 Bb7 32. Rxc8 Bxc8 33. Qc3 Bb7 34. Bb5 a6 35. Bd3 Qc6 36. Qb4 Qc7 37. Be2 Bc8 38. f4 Bb7 39. Kf2 Bc8 40. g4 fxg4 41. Bxg4 Qd8 42. Kg3 Qc7 43. Be2 Kg8 44. Kf2 Kg7 45. Bd3 h5 46. Qe1 Kf8 47. Qh1 Qf7 48. Qh4 Ke8 49. Qg5 Kd7 50. Bg6 Qe7 51. Bxh5 Qh7 52. Qg6 Qxg6 53. Bxg6 a5 54. Bd3 Ke7 55. Kg3 Kf6 56. Bb5 Kf5 57. Kf3 Kf6 58. Kg4 e5+ 59. Kf3 exd4 60. exd4 Bf5 61. Ke3 Be4 62. Bd7 Ke7 63. Bc6 Kf6 64. Kf2 Kf5 65. Kg3 Kf6 66. Bd7 Ke7 67. Bb5 Kf6 68. Kg4 Bf5+ 69. Kh4 Be4 70. Bd7 Ke7 71. Bc6 Kf6 72. Kg3 Kf5 73. Bd7+ Kf6 74. Kg4 Bd3 75. f5 Be4 76. Kf4 Bg2 77. Bc6 Be4 78. Bb7 Bg2 79. Bc8 Bh1 80. Ba6 Bg2 81. Kg4 1/2-1/2

[Event "Novosibirsk-ch"]
[Site "Novosibirsk"]
[Date "2001.11.18"]
[Round "6"]
[White "Bespalov, Alexey"]
[Black "Yudin, Sergei"]
[Result "1-0"]
[WhiteElo "2325"]
[BlackElo "2288"]
[PlyCount "85"]
[EventDate "2001.11.13"]
[EventType "swiss"]
[EventRounds "9"]
[EventCountry "RUS"]
[SourceTitle "CBM 085 Extra"]
[Source "ChessBase"]
[SourceDate "2002.01.21"]
[SourceVersion "1"]
[SourceVersionDate "2002.01.21"]
[SourceQuality "1"]

1. e4 e6 2. Nf3 d5 3. e5 c5 4. b4 cxb4 5. a3 Nc6 6. axb4 Bxb4 7. c3 Be7 8. d4 Nh6 9. h4 Nf5 10. g4 Nxh4 11. Rxh4 Bxh4 12. g5 h6 13. Nxh4 hxg5 14. Ng2 a6 15. Nd2 f6 16. f4 gxf4 17. Qg4 g5 18. Nf3 Qc7 19. exf6 Nd8 20. Kf2 Nf7 21. Nxg5 e5 22. Bb5+ Kd8 23. Nxf7+ Qxf7 24. Qg7 Qxg7 25. fxg7 Rg8 26. dxe5 f3 27. Nf4 Rxg7 28. e6 Rg4 29. Ke3 Rg5 30. Kxf3 Re5 31. Be3 d4 32. e7+ Rxe7 33. Bxd4 Rf7 34. Bc4 Rf5 35. Bd3 Rf8 36. Ke3 Bd7 37. Nd5 Rc8 38. Bb6+ Ke8 39. Kd4 Bc6 40. Re1+ Kf7 41. Re7+ Kg8 42. Bh7+ Kh8 43. Ke5 1-0

[Event "RUS-ch Schools"]
[Site "Novokuznetsk"]
[Date "2001.??.??"]
[Round "4"]
[White "Bespalov, Alexey"]
[Black "Kerzhner, Stanislav"]
[Result "0-1"]
[WhiteElo "2325"]
[BlackElo "2248"]
[PlyCount "100"]
[EventDate "2001.10.??"]
[EventType "swiss"]
[EventRounds "9"]
[EventCountry "RUS"]
[SourceTitle "CBM 085 Extra"]
[Source "ChessBase"]
[SourceDate "2002.01.21"]
[SourceVersion "1"]
[SourceVersionDate "2002.01.21"]
[SourceQuality "1"]

1. e4 e6 2. Nf3 d5 3. e5 c5 4. b4 cxb4 5. a3 bxa3 6. c3 Nc6 7. d4 f5 8. h3 Nh6 9. Bd3 Nf7 10. g4 Be7 11. gxf5 exf5 12. h4 0-0 13. Bxa3 Bxa3 14. Rxa3 Qe7 15. Ra2 Nd6 16. Ng5 Ne4 17. f4 h6 18. Rah2 Rb8 19. Qb3 Be6 20. Nxe6 Qxe6 21. Rg2 Kh8 22. h5 Ne7 23. Rhg1 Rg8 24. Nd2 Qc6 25. Nb1 b5 26. Qb4 Qc7 27. Ra2 Nc6 28. Qb2 b4 29. Bxe4 fxe4 30. Qd2 bxc3 31. Nxc3 Nb4 32. Nd1 Nxa2 33. Qxa2 Qc1 34. f5 Rb1 35. Qd2 a5 36. Rg3 Qxd2+ 37. Kxd2 a4 38. Nc3 Rb4 39. Ne2 Rc8 40. Ra3 Kg8 41. Ra2 Kf7 42. Nf4 Rxd4+ 43. Ke3 Rcc4 44. Rg2 Rd1 45. e6+ Kf8 46. Rb2 Rdc1 47. Nxd5 a3 48. Ra2 Ra4 49. Nb6 Ra6 50. Nd7+ Ke7 0-1

[Event "RUS-ch Schools"]
[Site "Novokuznetsk"]
[Date "2001.??.??"]
[Round "9"]
[White "Denisov, Lev"]
[Black "Bespalov, Alexey"]
[Result "0-1"]
[WhiteElo "2277"]
[BlackElo "2325"]
[PlyCount "88"]
[EventDate "2001.10.??"]
[EventType "swiss"]
[EventRounds "9"]
[EventCountry "RUS"]
[SourceTitle "CBM 085 Extra"]
[Source "ChessBase"]
[SourceDate "2002.01.21"]
[SourceVersion "1"]
[SourceVersionDate "2002.01.21"]
[SourceQuality "1"]

1. e4 Nc6 2. Nc3 Nf6 3. d4 d5 4. e5 Ng8 5. Be3 Bf5 6. g4 Bg6 7. Nge2 e6 8. Nf4 Be7 9. Bb5 Bg5 10. Qe2 Bxf4 11. Bxf4 Nge7 12. Rd1 a6 13. Ba4 h5 14. f3 Qd7 15. a3 b5 16. Bb3 Na5 17. Ba2 c6 18. Bb1 Nc4 19. Bc1 Qc7 20. b3 Qa5 21. b4 Qb6 22. h3 a5 23. Ba2 axb4 24. axb4 Qd8 25. 0-0 hxg4 26. hxg4 Nc8 27. Kg2 Qe7 28. Bb3 Qxb4 29. Na2 Qe7 30. Bf4 N8b6 31. Nc3 Ra3 32. Bc1 Ra8 33. Rh1 Kd7 34. Bf4 Qb4 35. Na2 Qa3 36. Rhe1 Na5 37. Bc1 Qe7 38. Bf4 Nac4 39. Rb1 Na3 40. Rbc1 Nac4 41. Rb1 Ra3 42. Nc1 Na5 43. Ba2 Na4 44. Bd2 Qh4 0-1

[Event "RUS-ch Schools"]
[Site "Novokuznetsk"]
[Date "2001.??.??"]
[Round "7"]
[White "Kuznetsov, Yakov"]
[Black "Bespalov, Alexey"]
[Result "0-1"]
[WhiteElo "2254"]
[BlackElo "2325"]
[PlyCount "62"]
[EventDate "2001.10.??"]
[EventType "swiss"]
[EventRounds "9"]
[EventCountry "RUS"]
[SourceTitle "CBM 085 Extra"]
[Source "ChessBase"]
[SourceDate "2002.01.21"]
[SourceVersion "1"]
[SourceVersionDate "2002.01.21"]
[SourceQuality "1"]

1. d4 d5 2. c4 dxc4 3. e4 e5 4. Nf3 Bb4+ 5. Bd2 Bxd2+ 6. Qxd2 exd4 7. Bxc4 Nc6 8. 0-0 Nge7 9. Qf4 f6 10. Qg3 Ng6 11. Nh4 Nce5 12. Nxg6 hxg6 13. Bb3 Qe7 14. f4 Ng4 15. Re1 d3 16. h3 Qc5+ 17. Kf1 Bd7 18. Nd2 0-0-0 19. Rac1 Qd4 20. Bd5 f5 21. Rc4 Qb6 22. b4 Kb8 23. e5 Be8 24. Rc5 Qxb4 25. Nb3 Ba4 26. a3 Qb6 27. Qxd3 c6 28. hxg4 Bxb3 29. Qxb3 Qxc5 30. Bf3 fxg4 31. Be4 Rd2 0-1